| 000 | 00967nam a2200265Ia 4500 | ||
|---|---|---|---|
| 003 | OSt | ||
| 005 | 20221005111320.0 | ||
| 006 | a|||||r|||| 00| 0 | ||
| 007 | ta | ||
| 008 | 221004b |||||||| |||| 00| 0 hin d | ||
| 020 |
_a8170556384 (hbk) _c450 |
||
| 024 | _a12029 | ||
| 037 |
_b270, 03/03/2014, Vani Prakashan _cTextual |
||
| 040 |
_aCRL _cCRL _bhin |
||
| 041 |
_2hin _ahin |
||
| 082 | _aP1520aF, 152N9;P8 | ||
| 100 | _aप्रसाद, विनोद कुमार | ||
| 245 | 0 | _aभाड्ढा और प्रौद्योगिकी | |
| 246 | _aBhāḍḍhā aur praudyogikī | ||
| 260 |
_aनई दिल्ली _bवाणी प्रकाशन भारत _c2008 |
||
| 300 |
_a437पृ0 _ccm. |
||
| 650 | _aहिन्दी भाषा | ||
| 942 |
_hP1520aF, 152N9;P8 _cTEXL _2cc |
||
| 999 |
_c1021476 _d1021476 |
||